Dan applemann's win32 api puzzle book and tutorial for visual basic programmers (Record no. 583538)
[ view plain ]
| 000 -LEADER | |
|---|---|
| fixed length control field | 00552nam a22001817a 4500 |
| 003 - CONTROL NUMBER IDENTIFIER | |
| control field | CEME |
| 005 - DATE AND TIME OF LATEST TRANSACTION | |
| control field | 20210628210202.0 |
| 008 - FIXED-LENGTH DATA ELEMENTS--GENERAL INFORMATION | |
| fixed length control field | 210215b xxu||||| |||| 00| 0 eng d |
| 020 ## - INTERNATIONAL STANDARD BOOK NUMBER | |
| International Standard Book Number | 1-893115-01-1 |
| 040 ## - CATALOGING SOURCE | |
| Transcribing agency | . |
| 082 ## - DEWEY DECIMAL CLASSIFICATION NUMBER | |
| Classification number | 005.133-VB APP |
| 100 ## - MAIN ENTRY--PERSONAL NAME | |
| Personal name | Appleman, Daniel |
| 9 (RLIN) | 78415 |
| 245 ## - TITLE STATEMENT | |
| Title | Dan applemann's win32 api puzzle book and tutorial for visual basic programmers |
| 260 ## - PUBLICATION, DISTRIBUTION, ETC. | |
| Place of publication, distribution, etc. | USA |
| Name of publisher, distributor, etc. | APRESS |
| Date of publication, distribution, etc. | 1999 |
| 300 ## - PHYSICAL DESCRIPTION | |
| Extent | 475P |
| 650 ## - SUBJECT ADDED ENTRY--TOPICAL TERM | |
| Topical term or geographic name entry element | WIN32 API PUZZLE BOOK VISUAL BASIC PROGRAMMERS-API PUZZLE BOOK API PUZZLE BOOK |
| 9 (RLIN) | 78416 |
| 942 ## - ADDED ENTRY ELEMENTS (KOHA) | |
| Koha item type | Book |
| Source of classification or shelving scheme | |
| Withdrawn status | Lost status | Damaged status | Not for loan | Permanent Location | Current Location | Shelving location | Date acquired | Total Checkouts | Full call number | Barcode | Date last seen | Price effective from | Koha item type |
|---|---|---|---|---|---|---|---|---|---|---|---|---|---|
| College of Electrical & Mechanical Engineering (CEME) | College of Electrical & Mechanical Engineering (CEME) | General Stacks | 06/15/2017 | 005.133-VB APP | CEME-33685 | 06/28/2021 | 06/28/2021 | Book |
